All Bus Stops on London Bus Route 65 - Statistics

General Stats
  • This quiz has been taken 2 times
  • The average score is 22 of 55
Answer Stats
Answer % Correct
Brook Street
100%
Eden Street
100%
Great West Road
100%
Kingston Station
100%
Latchmere Road
100%
Richmond Station
100%
The Musical Museum
100%
Tiffin Girls School
100%
Albany Road
50%
Bond Street
50%
Carlyle Road
50%
Challis Road
50%
Chandos Avenue
50%
Christchurch
50%
Compass Hill
50%
Cromwell Road Bus Station
50%
Darwin Road
50%
Durlston Road
50%
Ealing Broadway Station
50%
George Street
50%
Grange Road
50%
Ham Common
50%
Ham Gate Avenue
50%
Ham Parade
50%
Kew Bridge
50%
Kew Bridge Station
50%
Kew Gardens / Lion Gate
50%
Kings Road
50%
New Road
50%
Nightingale Lane
50%
Richmond Bus Station
50%
Sandy Lane
50%
South Ealing Station
50%
St Mary's Church
50%
Tudor Drive
50%
Cedar Heights / Petersham Gate
0%
Ealing Broadway Centre
0%
Evelyn Road
0%
Hill Rise
0%
Kew Gardens Road
0%
Kew Green
0%
Kew Road / Victoria Gate
0%
Kingsgate Road
0%
London Museum of Water and Steam
0%
Lothair Road
0%
Mortlake Road
0%
Pagoda Avenue
0%
Popes Lane
0%
Robins Court
0%
Sudbrook Lane
0%
The Avenue
0%
The Quadrant
0%
Warwick Road / University of West London
0%
Watermans Centre
0%
Windsor Road
0%
No matching quizzes found
Score Distribution
Percent of People with Each Score
Percentile by Number Answered
Your Score History
You have not taken this quiz